000 00889cab a2200265 4500
001 ABS49466
008 090401t1993 xxu||||| |||| 00| 0 eng d
035 _a(Sirsi) u71416
041 _aeng
100 _aJones, P.
245 _aFactory outlet shopping centres
260 _c1993
350 _a0
490 _aTown & Country Planning
_v62(9) September 1993, 240-241(2)
520 _aWith over 1,100 factory shops the UK looks set to follow the USA`s lead into developing factory outlet shopping malls. In the USA these malls have 25-100 boutique style shops which predominately sell male and female clothing.
650 _aFACTORY SHOPS
650 _aRETAIL PROPERTY
650 _aSHOPPING CENTRES
650 _aSHOPPING MALLS
650 _aUSA
690 _aPROPERTY-COMMERCIAL PROPERTY-RETAIL PROPERTY
700 _aVignali, C.
942 _n0
948 _c04/03/1997
999 _c45017
_d45017